[Event "Brno Trade op"]
[Site "Brno"]
[Date "2021.08.30"]
[Round "3"]
[White "Soucek, Andrej"]
[Black "Teply, Jan"]
[Result "1/2-1/2"]
[WhiteElo "1318"]
[BlackElo "1063"]
[PlyCount "61"]
[EventDate "2021.08.29"]
[EventType "swiss"]
[EventRounds "9"]
[EventCountry "CZE"]
[SourceTitle "CBM 204 Extra"]
[Source "ChessBase"]
[SourceDate "2021.11.30"]
[SourceVersion "1"]
[SourceVersionDate "2021.11.30"]
[SourceQuality "1"]

1. e4 e5 2. Nf3 Nc6 3. Bc4 Bc5 4. b4 Bxb4 5. c3 Be7 6. 0-0 Nf6 7. Re1 0-0 8. d4 exd4 9. cxd4 d5 10. exd5 Nxd5 11. h3 Bf5 12. Bb2 Bf6 13. Ba3 Be7 14. Bxe7 Ncxe7 15. Qb3 Nb6 16. Nc3 Nxc4 17. Qxc4 Nc6 18. d5 Na5 19. Qd4 Re8 20. Rxe8+ Qxe8 21. d6 Nc6 22. Qf4 Be6 23. dxc7 Rc8 24. Rb1 b6 25. Qd6 Qd7 26. Rd1 Qxc7 27. Qxc7 Rxc7 28. Ne5 h6 29. Nb5 Rc8 30. Nd6 Rc7 31. Nb5 1/2-1/2